Некоторые лингвокультурные особенности косметологического дискурса; Научная инициатива иностранных студентов и аспирантов российских вузов; Т. 3

Xehetasun bibliografikoak
Parent link:Научная инициатива иностранных студентов и аспирантов российских вузов: сборник докладов VII Всероссийской научно-практической конференции, Томск, 23-25 апреля 2014 г./ Ассоциация иностранных студентов в России (АИС); Национальный исследовательский Томский политехнический университет (ТПУ), Институт международного образования и языковой коммуникации (ИМОЯК).— , 2014
Т. 3.— 2014.— [С. 266-269]
Egile nagusia: Чжан Фан
Erakunde egilea: Национальный исследовательский Томский политехнический университет
Beste egile batzuk: Вавилова Е. Н. Елена Николаевна (научный руководитель)
Gaia:Заглавие с титульного экрана
Hizkuntza:errusiera
Argitaratua: 2014
Gaiak:
Sarrera elektronikoa:http://www.lib.tpu.ru/fulltext/c/2014/C19/V3/060.pdf
Formatua: Baliabide elektronikoa Liburu kapitulua
KOHA link:https://koha.lib.tpu.ru/cgi-bin/koha/opac-detail.pl?biblionumber=611535

MARC

LEADER 00000naa2a2200000 4500
001 611535
005 20250529112321.0
035 |a (RuTPU)RU\TPU\conf\9331 
035 |a RU\TPU\conf\9328 
090 |a 611535 
100 |a 20150402d2014 k y0rusy50 ca 
101 0 |a rus 
102 |a RU 
105 |a y z 101zy 
135 |a drgn ---uucaa 
181 0 |a i  
182 0 |a b 
200 1 |a Некоторые лингвокультурные особенности косметологического дискурса  |f Чжан Фан  |g науч. рук. Е. Н. Вавилова 
203 |a Текст  |c электронный 
300 |a Заглавие с титульного экрана 
337 |a Adobe Reader 
461 1 |0 (RuTPU)RU\TPU\conf\8104  |t Научная инициатива иностранных студентов и аспирантов российских вузов  |o сборник докладов VII Всероссийской научно-практической конференции, Томск, 23-25 апреля 2014 г.  |f Ассоциация иностранных студентов в России (АИС); Национальный исследовательский Томский политехнический университет (ТПУ), Институт международного образования и языковой коммуникации (ИМОЯК)  |o в 3 т.  |d 2014 
463 1 |0 (RuTPU)RU\TPU\conf\8107  |t Т. 3  |v [С. 266-269]  |d 2014 
610 1 |a труды учёных ТПУ 
610 1 |a электронный ресурс 
610 1 |a дискурс 
610 1 |a интернет-сайты 
610 1 |a бренды 
610 1 |a русский язык как иностранный 
610 1 |a косметика 
700 0 |a Чжан Фан 
702 1 |a Вавилова  |b Е. Н.  |c лингвист  |c доцент Томского политехнического университета, кандидат филологических наук  |f 1968-  |g Елена Николаевна  |4 727 
712 0 2 |a Национальный исследовательский Томский политехнический университет  |c (2009- )  |9 26305 
801 2 |a RU  |b 63413507  |c 20150402  |g RCR 
850 |a 63413507 
856 4 |u http://www.lib.tpu.ru/fulltext/c/2014/C19/V3/060.pdf 
942 |c BK